000 00401nam a2200145Ia 4500
008 090122s9999 xx 000 0 und d
082 _b5551
_a891.463
100 _aराजे
_bनयना
245 _aआत्मसन्मान
600 _aराजे
630 _aआत्मसन्मान
700 _aराजे
730 _aआत्मसन्मान
942 _cBOOK
999 _c29629
_d29629